|
|
|
|
| LEADER |
00000ny a22000003n 4500 |
| 005 |
20110512151057.0 |
| 008 |
A10218c19uu9999sp f p | f0 0 spa d |
| 022 |
|
|
|a 1137-5868
|
| 035 |
|
|
|a 41
|
| 040 |
|
|
|a BUS
|d vLex
|
| 080 |
|
|
|a 349.2 (05)
|
| 090 |
|
|
|c 1817
|d 1817
|
| 245 |
0 |
0 |
|a Revista del Ministerio de Trabajo y Asuntos Sociales
|h [Recurso electrn̤ico]
|
| 256 |
|
|
|a Servicio en ln̕ea
|
| 260 |
|
|
|a Madrid :
|b Ministerio de Trabajo y Asuntos Sociales
|
| 310 |
|
|
|a Dos nm︢eros al aǫ
|
| 506 |
1 |
|
|a Contenido solo disponible en los productos indicados
|d vLex Global
|d vLex Global (Academic Edition, excluding Law Schools)
|d vLex Global (U.S. Academic Edition, Law Schools)
|d vLex Global (U.S. Academic Edition, excluding Law Schools)
|d vLex Global (Academic Edition, Law Schools)
|
| 580 |
|
|
|a En parte es continuacin̤ de: Revista de Trabajo y Seguridad Social
|
| 650 |
0 |
7 |
|2 Tesauro vLex
|a Laboral
|
| 650 |
0 |
7 |
|2 Tesauro vLex
|a Contrato de trabajo
|
| 650 |
0 |
7 |
|2 Tesauro vLex
|a Derecho a la prestacin̤ por desempleo
|
| 650 |
0 |
7 |
|2 Tesauro vLex
|a Empresa y empresario
|
| 650 |
0 |
7 |
|2 Tesauro vLex
|a Relaciones laborales
|
| 650 |
0 |
7 |
|2 Tesauro vLex
|a Formacin̤ y promocin̤ profesional
|
| 710 |
1 |
|
|a Espaą.
|b Ministerio de Trabajo y Asuntos Sociales
|
| 740 |
0 |
|
|a vLex Revista (Servicios en ln̕ea)
|
| 843 |
|
|
|a Electrn̤ica. Abierta
|
| 853 |
|
|
|8 1
|i (year)
|j (month)
|k (day)
|
| 856 |
4 |
0 |
|z Acceso restringido
|u http://vlex.com/account/login_ip?fuente_id=41
|
| 942 |
|
|
|c REV
|